[Event "Eq:les modestes-Vikings :"]
[Site "www.echecsemail.com"]
[Date "2026.02.09"]
[Round "1"]
[White "Viv59"]
[Black "Nick"]
[WhiteElo "2320"]
[BlackElo "2830"]
[Result "0-1"]
1.d4 Ng8f6
2.Ng1f3 d5
3.c4 e6
4.g3 Bf8b4
5.Bc1d2 a5
6.Bf1g2 O-O
7.O-O dxc4
8.a3 Bb4e7
9.Nb1c3 c6
10.e4 b5
11.Qd1e2 Bc8a6
12.d5 exd5
13.exd5 b4
14.axb4 axb4
15.dxc6 Nb8xc6
16.Nf3e5 Nc6d4
17.Qe2d1 Ba6b7
18.Bg2xb7 Ra8xa1
19.Qd1xa1 bxc3
20.Bd2xc3 Nd4e2
21.Kg2 Ne2xc3
22.Ne5c6 Qd8d5
23.f3 Qd5d7
24.Rf1e1 Nc3d5
{ abandon }0-1

[Event "Tournoi n27426"]
[Site "www.echecsemail.com"]
[Date "2026.02.09"]
[Round "1"]
[White "Geantvert"]
[Black "Desaintfegor"]
[WhiteElo "1860"]
[BlackElo "1810"]
[Result "1-0"]
1.c4 c5
2.Nb1c3 e6
3.g3 Nb8c6
4.Bf1g2 Ng8e7
5.e3 g6
6.Ng1e2 Bf8g7
7.d4 cxd4
8.exd4 O-O
9.b3 d5
10.cxd5 exd5
11.O-O Bc8e6
12.Bc1b2 a6
13.Nc3a4 b6
14.Bb2c3 Qd8d7
15.Na4xb6 Qd7a7
16.Nb6xa8 Rf8xa8
17.Qd1d2 Qa7d7
18.Ra1c1 Be6h3
19.Rf1e1 Kf8
20.Ne2f4 Bh3xg2
21.Kxg2 Ne7f5
22.Nf4e2 Ra8e8
23.Rc1d1 Nf5d6
24.Ne2f4 Nd6e4
25.Qd2d3 Qd7b7
26.f3 Ne4f6
27.Re1xe8 Nf6xe8
28.Nf4xd5 Ne8d6
29.Qd3d2 Nc6d8
30.Nd5f4 Kg8
31.d5 Nd6f5
32.Bc3xg7 Nf5xg7
33.d6 Nd8c6
34.d7 Nc6d8
35.Qd2c3 Ng7e6
36.Nf4xe6 fxe6
37.Qc3f6 Qb7b6
38.Qf6e7 Qb6a5
39.Rd1f1 Nd8f7
40.Qe7xe6 Qa5xa2
41.Rf1f2 Qa2a3
42.d8Q Qa3f8
43.Rf2d2 Kg7
44.Qd8f6 Kg8
45.Rd2d8 Qf8xd8
46.Qf6xd8 { abandon }1-0

[Event "Défi"]
[Site "www.echecsemail.com"]
[Date "2026.02.09"]
[Round "1"]
[White "Chomi64"]
[Black "Verson"]
[WhiteElo "1880"]
[BlackElo "1870"]
[Result "1-0"]
1.d4 d5
2.Ng1f3 Ng8f6
3.Nb1d2 e6
4.e3 Bf8d6
5.Bf1d3 c5
6.c3 Nb8c6
7.O-O O-O
8.Rf1e1 e5
9.dxe5 Nc6xe5
10.Nf3xe5 Bd6xe5
11.Nd2f3 Bc8g4
12.h3 Bg4h5
13.g4 Bh5g6
14.Nf3xe5 Rf8e8
15.Ne5xg6 hxg6
16.Qd1f3 Qd8c7
17.Bc1d2 Nf6e4
18.Bd2c1 Re8e7
19.Qf3g2 Ra8e8
20.Re1e2 Qc7e5
21.Qg2h2 Qe5f6
22.h4 a6
23.f4 d4
24.g5 Qf6d6
25.c4 Qd6d7
26.Qh2g2 b5
27.Kf1 Ne4d6
28.exd4 cxd4
29.Re2xe7 Qd7xe7
30.Qg2e2 bxc4
31.Qe2xe7 Re8xe7
32.Bd3e2 d3
33.Be2f3 f6
34.Bc1d2 Nd6b5
35.Bf3d5 Kf8
36.Bd5xc4 Re7d7
37.Bd2b4 Ke8
38.Ra1d1 { abandon }1-0

[Event "GIRL"]
[Site "www.echecsemail.com"]
[Date "2026.02.09"]
[Round "1"]
[White "Mindthegap"]
[Black "Orosco"]
[WhiteElo "1430"]
[BlackElo "2240"]
[Result "0-1"]
1.e4 e5
2.Ng1f3 Nb8c6
3.Nb1c3 Ng8f6
4.Bf1c4 Bf8c5
5.d3 d6
6.O-O Bc8g4
7.Rf1e1 Nc6d4
8.Re1e2 Nd4xf3
9.gxf3 Bg4xf3
10.Bc1g5 h6
11.Bg5xf6 Qd8xf6
12.Nc3d5 Qf6g5
13.Kf1 Qg5g2
14.Ke1 Qg2g1
15.Kd2 Qg1xd1
16.Ra1xd1 Bf3xe2
17.Nd5xc7 Ke7
18.Nc7d5 Kd7
19.Bc4b5 Kd8
20.Rd1g1 Be2h5
21.Rg1xg7 Bc5xf2
22.Nd5f6 Bh5g6
23.Bb5c4 Bf2h4
24.Bc4d5 Bh4xf6
25.Bd5xb7 Bf6xg7
{ abandon }0-1

[Event "BERNARD MAS"]
[Site "www.echecsemail.com"]
[Date "2026.02.09"]
[Round "1"]
[White "Pgo"]
[Black "Petitlulu64"]
[WhiteElo "1750"]
[BlackElo "1710"]
[Result "0-1"]
1.e4 e5
2.Bf1c4 Nb8c6
3.Ng1f3 f6
4.d3 Bf8c5
5.O-O Nc6a5
6.Bc4xg8 Rh8xg8
7.c3 b6
8.b4 Na5b7
9.bxc5 Nb7xc5
10.Bc1e3 d6
11.Nb1a3 Bc8a6
12.Be3xc5 dxc5
13.c4 Qd8d7
14.h3 Ba6b7
15.Rf1e1 Bb7c6
16.Qd1c2 Bc6a4
17.Qc2b2 a5
18.Na3b5 c6
19.Nb5c3 b5
20.cxb5 Ba4xb5
21.Nc3xb5 cxb5
22.Ra1d1 b4
23.g4 Qd7e6
24.Qb2b3 Kd7
25.Qb3xe6 Kxe6
26.Rd1c1 Kd6
27.Rc1c4 g6
28.a4 h5
29.g5 Rg8f8
30.h4 f5
31.exf5 Rf8xf5
32.Kg2 Ra8b8
33.Re1b1 Rb8f8
34.Nf3h2 Rf5xf2
35.Kg1 Rf2d2
36.Rc4c2 Rd2xc2
37.Rb1f1 Rf8xf1
38.Nh2xf1 b3
39.Nf1e3 Rc2c1
40.Kf2 b2
41.Ne3c4 Kd5
42.Nc4xb2 Rc1c2
{ abandon }0-1

[Event "Tournoi n27422"]
[Site "www.echecsemail.com"]
[Date "2026.02.09"]
[Round "1"]
[White "Hermite"]
[Black "Albescab"]
[WhiteElo "1570"]
[BlackElo "1600"]
[Result "1-0"]
1.e4 e5
2.Ng1f3 d6
3.Bf1e2 Ng8f6
4.O-O Nb8c6
5.d3 Bf8e7
6.Bc1e3 Bc8e6
7.Be3g5 Nf6g4
8.Bg5xe7 Qd8xe7
9.Nf3d2 Qe7h4
10.h3 Ng4f6
11.Nd2f3 Qh4h6
12.Nf3h2 Qh6g5
13.Be2g4 Nc6d4
14.Bg4xe6 Nd4xe6
15.Nb1d2 Ne6f4
16.Qd1f3 Nf6h5
17.Nh2g4 g6
18.Nd2c4 O-O-O
19.c3 Nh5f6
20.Nc4e3 h5
21.Ng4xf6 Qg5xf6
22.b4 Qf6e6
23.d4 f5
24.exf5 gxf5
25.Rf1d1 Nf4xg2
26.Ne3xg2 e4
27.Qf3f4 Rd8g8
28.Kf1 Qe6c4
29.Kg1 Qc4d5
30.Kf1 e3
31.Ng2xe3 Qd5h1
32.Ke2 Qh1c6
33.Qf4xf5 Kb8
34.a4 Qc6xc3
35.Ra1b1 Rg8e8
36.b5 Re8f8
37.Qf5d5 Qc3a3
38.Qd5c4 Rf8f4
39.Rd1d3 Rf4xd4
40.Rd3xd4 Qa3c5
41.Qc4xc5 dxc5
42.Rd4d5 b6
43.a5 h4
44.a6 Kc8
45.Rb1d1 Rh8e8
46.Kf1 Re8h8
47.Rd5e5 Rh8g8
48.Ne3f5 Rg8h8
49.Nf5e7 Kb8
50.Ne7c6 Kc8
51.Nc6xa7 Kb8
52.Na7c6 Ka8
53.Rd1d8 Rh8xd8
54.Nc6xd8 { abandon }1-0

[Event "Tournoi n27427"]
[Site "www.echecsemail.com"]
[Date "2026.02.09"]
[Round "1"]
[White "Albescab"]
[Black "Tiounet"]
[WhiteElo "1600"]
[BlackElo "1600"]
[Result "1-0"]
1.e4 a6
2.g3 b5
3.d3 Bc8b7
4.Ng1f3 g6
5.Bf1g2 Bf8g7
6.Bc1e3 Bg7xb2
7.Nb1d2 Bb2xa1
8.Qd1xa1 Ng8f6
9.Nd2b3 O-O
10.Be3h6 Rf8e8
11.Nb3c5 Bb7c6
12.d4 d6
13.d5 Bc6d7
14.Nc5b7 Qd8c8
15.Nb7a5 c6
16.e5 Nf6xd5
17.e6 f6
18.exd7 Qc8xd7
19.O-O Nd5b4
20.Qa1b2 Nb4d5
21.Nf3g5 e5
22.Ng5e4 c5
23.Ne4xf6 Nd5xf6
24.Bg2xa8 Nf6g4
25.Bh6g5 Qd7f5
26.Bg5e3 Ng4xe3
27.fxe3 Qf5g5
28.Ba8d5 Kh8
29.Na5b7 Qg5xe3
30.Kh1 Qe3e2
31.Qb2c1 Nb8d7
32.Nb7xd6 Re8f8
33.Nd6f7 Kg7
34.Qc1h6 Kg8
35.Nf7xe5 Kh8
36.Ne5xg6 1-0

[Event "Tournoi n27438"]
[Site "www.echecsemail.com"]
[Date "2026.02.09"]
[Round "1"]
[White "Tiounet"]
[Black "Zadkine1"]
[WhiteElo "1600"]
[BlackElo "1710"]
[Result "1-0"]
1.a3 e5
2.b4 d6
3.Bc1b2 Ng8f6
4.g3 Bf8e7
5.Bf1g2 O-O
6.e3 Bc8f5
7.Bg2xb7 Nb8d7
8.Bb7xa8 Qd8xa8
9.Ng1f3 Bf5e4
10.O-O Be4xf3
11.Qd1c1 Bf3h1
12.f3 Bh1xf3
13.Rf1xf3 Qa8xf3
14.Nb1c3 Nf6g4
15.Qc1f1 Qf3c6
16.Nc3b5 Qc6xc2
17.Bb2c3 Qc2g6
18.Nb5xc7 Be7h4
19.Qf1g2 Bh4g5
20.Nc7d5 Nd7f6
21.Nd5e7 Kh8
22.Ne7xg6 fxg6
23.Qg2b7 d5
24.Qb7xa7 Nf6e4
25.b5 h5
26.a4 h4
27.b6 hxg3
28.hxg3 Ne4xg3
29.b7 Ng3e2
30.Kg2 Rf8f2
31.Kh3 Ng4f6
32.b8Q Kh7
33.Qb8xe5 Kh6
34.Ra1e1 Ne2xc3
35.Qe5xc3 { abandon }1-0

[Event "Eq:Les Rois du Succes-Fair play :"]
[Site "www.echecsemail.com"]
[Date "2026.02.09"]
[Round "1"]
[White "Hogar"]
[Black "Rv60"]
[WhiteElo "2870"]
[BlackElo "2150"]
[Result "1-0"]
1.d4 d5
2.c4 c6
3.Ng1f3 Ng8f6
4.e3 a6
5.Nb1d2 Bc8g4
6.Qd1b3 b5
7.cxd5 cxd5
8.Nf3e5 Bg4e6
9.Nd2f3 Nf6d7
10.Nf3g5 Qd8b6
11.Ne5xf7 Be6xf7
12.Ng5xf7 Kxf7
13.Qb3xd5 e6
14.Qd5xa8 Bf8b4
15.Bc1d2 Bb4xd2
16.Kxd2 Rh8f8
17.Qa8e4 Kg8
18.Bf1e2 Nd7f6
19.Qe4h4 Qb6a5
20.Kd3 Nb8c6
21.Be2g4 Nc6b4
22.Ke2 Nf6xg4
23.Qh4xg4 Qa5b6
24.Qg4e4 h6
25.Rh1c1 Nb4d5
26.Rc1c5 Qb6d6
27.Ra1c1 Nd5e7
28.Rc5c7 Rf8f7
29.Rc7a7 Ne7d5
30.Rc1c8 { abandon }1-0

[Event "Défi"]
[Site "www.echecsemail.com"]
[Date "2026.02.09"]
[Round "1"]
[White "Den"]
[Black "Chomi64"]
[WhiteElo "1890"]
[BlackElo "1890"]
[Result "0-1"]
1.f4 d6
2.d4 Bc8f5
3.e3 e5
4.fxe5 dxe5
5.c3 e4
6.Ng1e2 Ng8f6
7.Ne2g3 Bf5g6
8.Bf1e2 Bf8d6
9.O-O Bd6xg3
10.hxg3 Qd8d6
11.Nb1d2 Qd6xg3
12.Nd2c4 h5
13.Nc4e5 Nb8d7
14.Qd1b3 Ra8b8
15.Be2c4 Rh8f8
16.Bc1d2 Nd7xe5
17.dxe5 Qg3xe5
18.Bd2e1 Nf6g4
19.g3 Ng4xe3
20.Rf1f4 Ne3xc4
21.Qb3xc4 Rb8d8
22.Kh2 f5
23.Qc4a4 c6
24.Be1f2 a6
25.Bf2d4 Qe5c7
26.Ra1f1 Rd8d5
27.Qa4a3 Qc7e7
28.Qa3b3 Qe7f7
29.Rf4xe4 fxe4
30.Rf1xf7 Rf8xf7
31.Qb3c2 c5
32.Bd4g1 Rf7d7
33.Qc2b3 Bg6f5
34.Qb3c4 b5
35.Qc4f1 Rd5d2
36.Kh1 Bf5g4
37.Bg1f2 Rd2d1
38.Bf2e1 Rd7d2
{ abandon }0-1

[Event "Tournoi n27439"]
[Site "www.echecsemail.com"]
[Date "2026.02.09"]
[Round "1"]
[White "Tiounet"]
[Black "Aramis"]
[WhiteElo "1630"]
[BlackElo "1570"]
[Result "0-1"]
1.a3 e5
2.b4 d5
3.Bc1b2 d4
4.Ng1f3 Bf8d6
5.g3 Ng8f6
6.Bf1g2 O-O
7.O-O c6
8.d3 Nb8d7
9.c3 a6
10.cxd4 exd4
11.Nf3xd4 Nd7e5
12.Nb1d2 Ra8b8
13.Ra1c1 Ne5g6
14.Nd2c4 Bd6c7
15.Qd1d2 Bc8d7
16.Rf1d1 Ng6e5
17.Nc4xe5 Bc7xe5
18.Nd4xc6 bxc6
19.Bg2xc6 Bd7xc6
20.Bb2xe5 Rb8c8
21.d4 Qd8d5
22.Rc1c5 Qd5g2
0-1

[Event "Tournoi n27421"]
[Site "www.echecsemail.com"]
[Date "2026.02.09"]
[Round "1"]
[White "Pioupiou22"]
[Black "Luc20"]
[WhiteElo "1730"]
[BlackElo "1830"]
[Result "0-1"]
1.d4 d5
2.c4 Ng8f6
3.Bc1g5 e6
4.Ng1f3 Bf8e7
5.Nb1c3 c6
6.e3 Qd8a5
7.Bf1d3 Nb8d7
8.Ra1c1 Nf6e4
9.Bg5xe7 Ne4xc3
10.bxc3 Kxe7
11.a4 Nd7b6
12.cxd5 cxd5
13.O-O Qa5xa4
14.Qd1d2 Nb6c4
15.Bd3xc4 Qa4xc4
16.Nf3e5 Qc4c7
17.Qd2a2 Rh8d8
18.Qa2a3 Rd8d6
19.Rc1b1 f6
20.Ne5d3 Kf7
21.f4 Rd6a6
22.Qa3b2 b6
23.Rf1c1 Bc8d7
24.Qb2f2 Ra6a3
25.Qf2b2 Qc7d6
26.Nd3b4 Ra3a5
27.Qb2f2 Ra8c8
28.Qf2h4 Kg8
29.Qh4h5 Ra5a3
30.Qh5e2 Ra3xc3
31.Rc1xc3 Rc8xc3
32.Nb4a2 Rc3c7
33.Na2c1 a6
34.Qe2xa6 Rc7c6
35.Qa6a8 Rc6c8
36.Qa8a7 b5
37.Nc1d3 h6
38.Nd3c5 Bd7e8
39.Qa7b7 Rc8b8
40.Qb7a7 e5
41.Qa7a6 Rb8b6
42.Qa6c8 Kf7
43.Qc8g4 exd4
44.exd4 Be8c6
45.Rb1a1 Qd6e7
46.Qg4h5 Kg8
47.Qh5f3 f5
48.Kf2 Qe7h4
49.Qf3g3 Qh4xg3
50.Kxg3 Kf7
51.Ra1a7 Kf6
52.Nc5d7 Bc6xd7
53.Ra7xd7 b4
54.Rd7xd5 b3
55.Rd5c5 b2
56.d5 b1Q
57.Rc5c6 Rb6xc6
58.dxc6 Ke6
59.c7 Kd7
60.Kh4 Qb1d1
61.g3 Qd1g4
0-1

[Event "Eq:Les Gens du Sud-Avalon :"]
[Site "www.echecsemail.com"]
[Date "2026.02.09"]
[Round "1"]
[White "Goedendag"]
[Black "Mick13"]
[WhiteElo "1830"]
[BlackElo "1800"]
[Result "0-1"]
1.Ng1f3 Nb8c6
2.c4 d6
3.g3 e5
4.Nb1c3 Bc8e6
5.d4 exd4
6.Nf3xd4 Be6xc4
7.b3 Bc4e6
8.Nd4xe6 fxe6
9.Bf1g2 Qd8d7
10.Bc1b2 Ng8f6
11.O-O d5
12.e4 d4
13.Nc3b5 e5
14.Rf1e1 a6
15.Nb5a3 b5
16.Kh1 Nf6g4
17.Re1f1 Bf8c5
18.h3 Ng4f6
19.Ra1c1 Qd7d6
20.Na3b1 O-O-O
21.a3 a5
22.Qd1d3 Nc6a7
23.Nb1d2 Bc5xa3
24.Bb2xa3 Qd6xa3
25.Nd2b1 Qa3d6
26.f4 Rd8e8
27.Rc1c2 Re8e7
28.Rf1c1 c6
29.Nb1c3 Re7c7
30.Nc3e2 Nf6h5
31.g4 Nh5f6
32.Rc2c5 Rh8e8
33.fxe5 Re8xe5
34.Rc5xe5 Qd6xe5
35.Qd3xd4 Qe5xd4
36.Ne2xd4 Kb7
37.Nd4e6 Rc7e7
38.Ne6d8 Kb6
39.e5 Re7xe5
40.Nd8xc6 Re5e3
41.Nc6xa7 Kxa7
42.Rc1c7 Kb6
43.Rc7xg7 Re3xb3
44.Rg7f7 Nf6e8
45.Rf7f8 Rb3e3
46.Rf8f7 a4
47.Rf7xh7 Ne8d6
48.Rh7h6 Kc5
49.g5 a3
{ abandon }0-1

[Event "020226"]
[Site "www.echecsemail.com"]
[Date "2026.02.09"]
[Round "1"]
[White "Mindthegap"]
[Black "Turbo"]
[WhiteElo "1440"]
[BlackElo "1370"]
[Result "1-0"]
1.Ng1f3 d5
2.d4 h6
3.Nb1c3 Ng8f6
4.Bc1f4 Nf6h5
5.Nc3b5 Nh5xf4
6.Qd1d2 Nf4e6
7.a4 g5
8.e3 Ne6g7
9.Bf1e2 e6
10.Nf3e5 a6
11.Nb5c3 c5
12.Be2h5 Ng7xh5
13.Qd2e2 cxd4
14.Qe2xh5 Qd8f6
15.exd4 Nb8c6
16.Ne5g4 Qf6xd4
17.Ra1d1 b5
18.Rd1xd4 Nc6xd4
19.Ng4e5 Ra8a7
20.O-O Nd4f5
21.Ne5c6 Nf5g7
22.Qh5e2 Ra7c7
23.axb5 axb5
24.Qe2xb5 Bc8d7
25.Qb5b8 Rc7c8
26.Qb8b7 Rc8xc6
27.Rf1e1 Ke7
28.Nc3xd5 Kd8
29.Nd5f6 Rc6d6
30.Nf6e4 Bd7c8
31.Qb7xf7 Rd6d7
32.Qf7f6 Ke8
33.Qf6g6 Kd8
34.Ne4c5 Bf8xc5
35.Qg6f6 Rd7e7
36.Qf6c3 Bc5a7
37.Re1d1 Re7d7
38.Qc3a5 Ke7
39.Rd1xd7 Bc8xd7
40.Qa5xa7 Rh8d8
41.Qa7a3 Kf7
42.Qa3f3 Ng7f5
43.Qf3h5 Kg7
44.f4 Bd7e8
45.Qh5f3 Kg6
46.fxg5 hxg5
47.g4 Nf5h4
48.Qf3e4 Kf7
49.Qe4h7 Kf6
50.Qh7h8 Ke7
51.Qh8g7 Be8f7
52.Qg7xg5 Ke8
53.Qg5xh4 Rd8d1
54.Kg2 Rd1d2
55.Kf1 e5
56.Qh4h8 Kd7
57.Qh8h7 Kd8
58.Qh7h4 Kd7
59.Ke1 Rd2xc2
60.g5 Bf7c4
61.Qh4h7 { abandon }1-0

[Event "BERNARD MAS"]
[Site "www.echecsemail.com"]
[Date "2026.02.09"]
[Round "1"]
[White "Woluwe1975"]
[Black "Pgo"]
[WhiteElo "1660"]
[BlackElo "1750"]
[Result "1/2-1/2"]
1.e4 e5
2.Ng1f3 Nb8c6
3.Bf1c4 Bf8c5
4.Bc4xf7 Kxf7
5.Nf3xe5 Nc6xe5
6.d4 Bc5xd4
7.Qd1xd4 d6
8.Qd4d5 Kf8
9.O-O Ng8f6
10.Qd5b3 Nf6xe4
11.f4 Ne5f7
12.Nb1c3 Ne4c5
13.Qb3d5 c6
14.Qd5f3 d5
15.b3 h6
16.Bc1b2 Bc8f5
17.Qf3f2 h5
18.Ra1d1 b6
19.Bb2a3 Kg8
20.Kh1 Rh8h6
21.Ba3xc5 bxc5
22.Qf2xc5 Bf5xc2
23.Rd1d2 Bc2f5
24.Rf1e1 Qd8d6
25.Qc5d4 a6
26.Rd2e2 Kf8
27.b4 Rh6e6
28.Re2xe6 Bf5xe6
29.a3 Be6f5
30.Nc3a4 Ra8e8
31.Re1xe8 Kxe8
32.Na4c5 Bf5c8
33.g3 Kf8
34.Nc5d3 Bc8f5
35.Nd3e5 Bf5e4
36.Kg1 g5
37.a4 g4
38.a5 Ke7
39.Qd4a7 Ke8
40.Qa7xf7 Kd8
41.Qf7g8 Kc7
42.Qg8g7 Kc8
43.Qg7g8 Kb7
44.Qg8f7 Qd6c7
45.Qf7xh5 c5
46.b5 axb5
47.Qh5xg4 Qc7xa5
48.Qg4d7 Qa5c7
49.Qd7xb5 Qc7b6
50.Qb5d7 Ka6
51.Qd7a4 Kb7
52.Qa4d7 Ka6
53.Qd7a4 Kb7
54.Qa4d7 1/2-1/2

[Event "Coupe Niveau 4"]
[Site "www.echecsemail.com"]
[Date "2026.02.09"]
[Round "1"]
[White "Elghribi"]
[Black "Djayphil"]
[WhiteElo "1920"]
[BlackElo "2000"]
[Result "1-0"]
1.e4 e5
2.Ng1f3 Nb8c6
3.Bf1b5 a6
4.Bb5a4 Ng8f6
5.O-O Bf8e7
6.Rf1e1 b5
7.Ba4b3 O-O
8.c3 d5
9.exd5 Nf6xd5
10.Nf3xe5 Nc6xe5
11.Re1xe5 c6
12.d4 Be7d6
13.Re5e1 Qd8h4
14.g3 Qh4h3
15.Qd1f3 Bc8g4
16.Qf3g2 Qh3h5
17.Bc1e3 Nd5f6
18.Nb1d2 Bg4d7
19.Nd2e4 Nf6xe4
20.Qg2xe4 Ra8e8
21.Qe4g2 Qh5f5
22.Ra1d1 Qf5g4
23.f3 Qg4h5
24.Bb3c2 Bd7h3
25.Qg2f2 Bh3d7
26.Bc2d3 f5
27.f4 Qh5g4
28.Bd3e2 Qg4h3
29.Be2f1 Qh3g4
30.Bf1g2 Rf8f6
31.h3 Qg4h5
32.Rd1d2 Rf6g6
33.Kh2 Bd6c7
34.Rd2e2 Rg6h6
35.Qf2f3 Qh5xf3
36.Bg2xf3 Rh6d6
37.Be3f2 Rd6e6
38.Re2xe6 Bd7xe6
39.Bf3xc6 { abandon }1-0

[Event "Tournoi échelle élite"]
[Site "www.echecsemail.com"]
[Date "2026.02.09"]
[Round "1"]
[White "Pgo"]
[Black "Alain64"]
[WhiteElo "1770"]
[BlackElo "2060"]
[Result "0-1"]
1.e4 c5
2.Ng1f3 e6
3.d4 cxd4
4.Nf3xd4 a6
5.Bf1c4 Qd8c7
6.Nb1d2 Ng8f6
7.O-O Nf6xe4
8.Nd2xe4 Qc7xc4
9.c3 d5
10.Ne4d2 Qc4c7
11.Nd2f3 Bf8d6
12.Rf1e1 O-O
13.Bc1g5 h6
14.Bg5h4 e5
15.Nd4f5 Bc8xf5
16.h3 Bf5e6
17.Bh4g3 Nb8c6
18.a3 Rf8e8
19.Qd1e2 e4
20.Bg3xd6 Qc7xd6
21.Nf3d4 Nc6xd4
22.cxd4 Ra8c8
23.b4 Rc8c4
24.Re1d1 Re8c8
25.g3 Be6xh3
26.Kh2 Qd6e6
27.Rd1d2 Bh3g4
28.Qe2e1 Bg4f3
29.Ra1b1 Qe6g4
30.Qe1f1 Rc4c1
31.Rb1xc1 Rc8xc1
32.Qf1xc1 Qg4h5
33.Kg1 Qh5h1
0-1

[Event "Défi( 20J+48H/c 20J Max )"]
[Site "www.echecsemail.com"]
[Date "2026.02.09"]
[Round "1"]
[White "Pascalou50"]
[Black "Moris54"]
[WhiteElo "1830"]
[BlackElo "1810"]
[Result "0-1"]
1.d4 Ng8f6
2.Ng1f3 d6
3.Bc1f4 Nb8d7
4.Nb1d2 e6
5.e4 Bf8e7
6.e5 dxe5
7.dxe5 Nf6d5
8.Bf4g3 O-O
9.Bf1c4 c6
10.Qd1e2 a5
11.a4 Nd7b6
12.Bc4d3 Nd5b4
13.O-O Nb4xd3
14.cxd3 Nb6d5
15.Rf1c1 Nd5b4
16.Nf3e1 f5
17.f4 Qd8d4
18.Kf1 Rf8d8
19.Nd2b3 Qd4d7
20.Bg3f2 Qd7d5
21.Bf2c5 Be7xc5
22.Rc1xc5 Qd5d7
23.Rc5xa5 Ra8xa5
24.Nb3xa5 Qd7d4
25.g3 Qd4d5
26.Na5c4 Qd5h1
27.Kf2 Qh1xh2
28.Ne1g2 Nb4xd3
29.Ke3 Qh2xg3
30.Kd2 Nd3xf4
{ abandon }0-1

[Event "Tournoi n27298"]
[Site "www.echecsemail.com"]
[Date "2026.02.09"]
[Round "1"]
[White "1thibou"]
[Black "Fooy33"]
[WhiteElo "1810"]
[BlackElo "1990"]
[Result "1/2-1/2"]
1.c4 e6
2.Nb1c3 b6
3.d3 Bc8b7
4.e4 Nb8c6
5.Ng1f3 Bf8c5
6.Bf1e2 Nc6d4
7.O-O Ng8e7
8.Ra1b1 Nd4xe2
9.Qd1xe2 Ne7c6
10.Bc1f4 O-O
11.Nc3b5 d6
12.a3 a6
13.Nb5c3 Nc6d4
14.Nf3xd4 e5
15.Nd4f5 exf4
16.Qe2g4 g6
17.b4 Kh8
18.bxc5 gxf5
19.Qg4xf5 dxc5
20.Qf5xf4 Qd8d4
21.Nc3d5 Bb7xd5
22.cxd5 Ra8c8
23.Rb1d1 Qd4g7
24.Qf4e3 Rf8g8
25.g3 a5
26.f4 Qg7c3
27.e5 Qc3d4
28.Qe3xd4 cxd4
29.Rd1c1 Rg8d8
30.f5 Rd8xd5
31.e6 fxe6
32.fxe6 Rd5e5
33.Rc1c6 Rc8e8
34.Rc6xc7 Re5xe6
35.Rf1f7 Re6h6
36.Rc7d7 Kg8
37.Rf7f4 Re8e1
38.Kf2 Re1e8
39.h4 Rh6e6
40.Rf4g4 Re6g6
41.Rg4xg6 hxg6
42.Rd7xd4 Re8e6
43.Kf3 Kf7
44.g4 Kg7
45.Rd4d5 Kh6
46.Kf4 Kg7
47.h5 gxh5
48.gxh5 Re6h6
49.Kg5 Rh6c6
50.Rd5d7 Kf8
51.h6 Kg8
52.d4 b5
53.d5 Rc6c3
54.Kg6 Rc3g3
55.Kf6 Rg3h3
56.Rd7d6 Rh3xh6
57.Ke7 Rh6h7
58.Kd8 Rh7h5
59.Kc7 b4
60.axb4 axb4
61.Kc6 b3
62.Rd6d8 Kf7
63.Rd8b8 Rh5h3
64.Rb8b5 Rh3c3
65.Kd7 Rc3e3
66.d6 Re3c3
67.Rb5b7 Kf6
68.Rb7b5 Rc3d3
{ nul }1/2-1/2

[Event "Tournoi n27420"]
[Site "www.echecsemail.com"]
[Date "2026.02.09"]
[Round "1"]
[White "Domenico"]
[Black "Oranmore"]
[WhiteElo "1810"]
[BlackElo "1930"]
[Result "1/2-1/2"]
1.e4 c5
2.Bf1c4 Nb8c6
3.Ng1f3 Nc6a5
4.Bc4e2 c4
5.Nf3d4 d6
6.d3 d5
7.exd5 Qd8xd5
8.Bc1e3 e5
9.Be2f3 Qd5d8
10.Nd4b5 a6
11.Nb5c3 Bc8d7
12.Bf3e4 Ng8f6
13.O-O Nf6xe4
14.Nc3xe4 cxd3
15.Qd1xd3 Bd7c6
16.Ne4g3 Qd8xd3
17.cxd3 Bf8e7
18.Nb1c3 Be7d8
19.Ng3f5 O-O
20.Ra1d1 b5
21.Nc3e4 Na5b7
22.f4 exf4
23.Rf1xf4 Bc6xe4
24.dxe4 Bd8g5
25.Rf4f3 Bg5xe3
26.Rf3xe3 Rf8e8
27.Rd1d5 g6
28.Re3g3 Re8xe4
29.Rd5d7 Nb7c5
30.Rd7c7 Re4e5
31.Nf5h6 Kg7
32.Nh6xf7 Re5d5
33.Nf7d6 Kf6
34.Nd6c8 Rd5d1
35.Kf2 Nc5e4
36.Ke2 Rd1d2
37.Ke1 Ne4xg3
38.Kxd2 Ng3f1
39.Ke2 Nf1xh2
40.Nc8b6 Ra8e8
41.Kf2 Nh2g4
42.Kg3 h5
43.Rc7c6 Re8e6
44.Nb6d5 Ke5
45.Rc6xe6 Kxe6
46.Nd5c7 Kd6
47.Nc7xa6 g5
48.Na6b4 Kc5
49.Nb4c2 Ng4e5
50.b3 b4
51.Kf2 Ne5d3
52.Ke3 Nd3f4
53.g3 Nf4h3
54.Ke4 h4
55.gxh4 gxh4
56.Kf3 Nh3g5
57.Kg4 h3
58.Kg3 Ng5e4
59.Kxh3 Ne4c3
60.a3 bxa3
61.Nc2xa3 { nul }1/2-1/2

[Event "Défi"]
[Site "www.echecsemail.com"]
[Date "2026.02.09"]
[Round "1"]
[White "Berjay"]
[Black "Midas"]
[WhiteElo "1690"]
[BlackElo "1660"]
[Result "1-0"]
1.e4 e5
2.Ng1f3 Ng8f6
3.Bf1c4 d5
4.exd5 Nf6xd5
5.Nf3xe5 Bc8e6
6.d3 Bf8d6
7.f4 Nd5xf4
8.Bc1xf4 O-O
9.O-O Nb8c6
10.Rf1e1 Rf8e8
11.Qd1h5 Qd8f6
12.d4 Nc6xd4
13.Bc4d3 Qf6xf4
14.Qh5xh7 Kf8
15.Qh7h5 Bd6c5
16.Nb1c3 Bc5d6
17.Bd3g6 Nd4xc2
18.Ne5d7 Be6xd7
19.Qh5h8 1-0

[Event "Défi"]
[Site "www.echecsemail.com"]
[Date "2026.02.09"]
[Round "1"]
[White "Berjay"]
[Black "Intrigue"]
[WhiteElo "1700"]
[BlackElo "1760"]
[Result "0-1"]
1.e4 c5
2.c4 Nb8c6
3.d3 d6
4.Ng1f3 Bc8g4
5.Bf1e2 Ng8f6
6.O-O e6
7.Bc1g5 Bf8e7
8.a3 O-O
9.Bg5e3 h6
10.h3 Bg4xf3
11.Be2xf3 e5
12.b3 a5
13.Nb1c3 b6
14.Bf3h5 Nc6d4
15.Be3xd4 cxd4
16.Nc3e2 Nf6xh5
17.Ne2c1 Nh5f6
18.Nc1e2 Ra8c8
19.b4 axb4
20.axb4 Rc8a8
21.Ne2g3 Qd8d7
22.Qd1f3 g6
23.Ra1b1 Kg7
24.b5 Ra8a3
25.h4 Qd7g4
26.Qf3xg4 Nf6xg4
27.Rb1d1 Be7xh4
28.Ng3e2 Rf8a8
29.g3 Bh4g5
30.Kg2 h5
31.Ne2g1 Ra3a2
32.Ng1h3 Ng4e3
33.Kg1 Ne3xd1
34.Rf1xd1 Bg5e7
35.Kg2 Ra2c2
36.Kh2 Ra8a2
37.Kg2 g5
38.Rd1f1 g4
39.Nh3g1 Rc2d2
40.Kh1 Rd2xd3
41.Kg2 Rd3d2
42.Kh1 Ra2c2
43.Kg2 d3
44.Kh1 Rd2xf2
45.Rf1xf2 Rc2xf2
46.Ng1f3 d2
47.Nf3xd2 Rf2xd2
48.Kg1 Be7g5
{ abandon }0-1

[Event "Tournoi n27406"]
[Site "www.echecsemail.com"]
[Date "2026.02.09"]
[Round "1"]
[White "Aramis"]
[Black "Wenoketo"]
[WhiteElo "1570"]
[BlackElo "1710"]
[Result "0-1"]
1.d4 d5
2.e3 Nb8c6
3.Bf1b5 Bc8d7
4.c3 e6
5.Ng1f3 Ng8e7
6.Nf3e5 Nc6xe5
7.Bb5xd7 Ne5xd7
8.O-O Ne7g6
9.h3 Bf8e7
10.Nb1d2 O-O
11.Nd2f3 Nd7f6
12.Nf3e5 Ng6xe5
13.dxe5 Nf6d7
14.f4 Be7c5
15.b4 Bc5b6
16.a4 a6
17.a5 Bb6a7
18.Rf1f3 c5
19.bxc5 Ba7xc5
20.Ra1a4 Ra8c8
21.c4 dxc4
22.Kh1 Bc5a7
23.Qd1c2 c3
24.Ra4a3 Rc8c6
25.Ra3xc3 Rc6xc3
26.Qc2xc3 Qd8c8
27.Qc3d2 Qc8c7
28.Bc1b2 Rf8c8
29.Rf3f1 Qc7c2
30.Qd2xd7 Ba7xe3
31.Bb2d4 Be3xd4
32.Qd7xd4 h6
33.Rf1f2 Qc2c3
34.Qd4d7 Qc3c6
35.Qd7d2 Qc6c1
36.Qd2xc1 Rc8xc1
37.Kh2 Rc1a1
38.Rf2b2 Ra1xa5
39.Rb2xb7 Ra5a1
40.Rb7b8 Kh7
41.Rb8b7 Kg6
42.Rb7a7 a5
43.h4 Ra1a4
44.Kg3 h5
45.Ra7c7 Ra4a3
46.Kh2 a4
47.Rc7c2 Ra3a1
48.Rc2c4 a3
49.Rc4a4 Ra1a2
50.Kh3 Kf5
51.g3 Ra2a1
52.Ra4a7 Kg6
53.Ra7a6 a2
54.g4 hxg4
55.Kxg4 Ra1g1
56.Kf3 a1Q
57.Ra6xa1 Rg1xa1
58.Kg4 Ra1g1
59.Kh3 Kf5
60.Kh2 Rg1g4
61.h5 Rg4xf4
62.Kg3 Kxe5
63.Kh3 Kf5
64.Kg3 Kg5
65.h6 gxh6
66.Kh3 Rf4f3
67.Kg2 Rf3a3
68.Kf2 h5
69.Kg2 f5
70.Kf2 Kf4
71.Kg2 h4
72.Kh2 e5
73.Kg2 e4
74.Kh2 Ra3g3
75.Kh1 e3
76.Kh2 e2
77.Kh1 e1Q
{ abandon }0-1

[Event "Tournoi n27298"]
[Site "www.echecsemail.com"]
[Date "2026.02.09"]
[Round "1"]
[White "1thibou"]
[Black "Rvsinovitch"]
[WhiteElo "1810"]
[BlackElo "2010"]
[Result "0-1"]
1.f4 d5
2.e3 c5
3.Bf1e2 Nb8c6
4.Ng1f3 Ng8f6
5.O-O g6
6.b3 Bf8g7
7.Bc1a3 b6
8.Be2b5 Bc8d7
9.Nb1c3 O-O
10.Ba3b2 a6
11.Bb5e2 Bd7f5
12.d4 cxd4
13.exd4 Nc6b4
14.Nf3e5 Bf5xc2
15.Qd1d2 Bc2f5
16.Nc3a4 a5
17.a3 Nb4a6
18.Ra1c1 Nf6d7
19.Rc1c6 Nd7xe5
20.fxe5 Bf5d7
21.Rc6c2 Qd8b8
22.Be2f3 e6
23.Bb2c1 Bd7xa4
24.bxa4 Qb8e8
25.Rc2b2 Ra8b8
26.Qd2d3 Na6c7
27.Qd3c2 Qe8d7
28.Bf3e2 Rf8c8
29.Qc2b1 Qd7xa4
30.Rb2xb6 Rb8xb6
31.Qb1xb6 Nc7a8
32.Qb6b2 Bg7f8
33.Be2b5 Qa4c2
34.Qb2xc2 Rc8xc2
35.Bb5e8 Rc2c7
36.a4 Na8b6
37.Bc1d2 Bf8b4
38.Bd2h6 Bb4c3
39.Rf1b1 Bc3b4
40.Bh6g5 Nb6d7
41.Rb1f1 Nd7b6
42.Bg5d8 Rc7b7
43.Bd8xb6 Rb7xb6
44.Rf1xf7 Bb4c3
45.Rf7f4 g5
46.Rf4g4 h6
47.h4 Rb6b4
48.hxg5 Rb4xd4
49.Rg4g3 Rd4d1
50.Kf2 Bc3e1
{ abandon }0-1

[Event "Eq:Les Gens du Sud-Avalon :"]
[Site "www.echecsemail.com"]
[Date "2026.02.09"]
[Round "1"]
[White "Mick13"]
[Black "Goedendag"]
[WhiteElo "1800"]
[BlackElo "1830"]
[Result "0-1"]
1.e4 c5
2.c4 e6
3.Nb1c3 a6
4.d4 cxd4
5.Qd1xd4 Nb8c6
6.Qd4d3 Bf8c5
7.Bc1e3 Nc6b4
8.Qd3d1 Bc5xe3
9.fxe3 Ng8e7
10.a3 Nb4c6
11.Ng1f3 Qd8c7
12.Bf1e2 O-O
13.O-O b6
14.Nf3d4 Bc8b7
15.Be2f3 Nc6e5
16.Ra1c1 Ne7c6
17.Nc3e2 Ne5xf3
18.gxf3 Qc7e5
19.Rf1f2 Qe5g5
20.Ne2g3 Qg5xe3
21.Rc1c3 Qe3xd4
22.Qd1xd4 Nc6xd4
23.Rc3d3 e5
24.Rf2d2 g6
25.Ng3e2 Nd4xe2
26.Rd2xe2 Ra8d8
27.Re2d2 Bb7c8
28.Rd3d6 f5
29.Rd6xb6 fxe4
30.fxe4 Rf8f4
31.Rd2e2 Rd8f8
32.Rb6b3 Rf4f3
33.Rb3e3 Rf3xe3
34.Re2xe3 Rf8f4
35.b4 Bc8b7
36.b5 Rf4xe4
37.Re3xe4 Bb7xe4
38.bxa6 d5
39.cxd5 Be4xd5
40.Kf2 Kf7
41.Ke3 g5
42.Kf2 h5
43.Kg3 e4
44.Kf2 g4
45.Ke3 Ke6
46.Kf4 Kd6
47.a7 Kc5
48.Ke3 Kc4
49.a4 Kc3
50.a5 Bd5b7
51.a6 Bb7a8
52.Ke2 h4
{ abandon }0-1